Jak bude letos vypadat úspěch na poli HR.

Ako vybrať a pritiahnuť a udržať produktívnych zamestnancov. Stratégie, metódy a know-how pre úspešné vedenie ľudských zdrojov.

Gespeichert in:
Bibliographische Detailangaben
1. Verfasser: Spáčilová, Lucie
Format: Buchkapitel
Sprache:Tschechisch
Schlagworte:
Tags: Tag hinzufügen
Keine Tags, Fügen Sie das erste Tag hinzu!

MARC

LEADER 00000naa a2200000 4500
001 0281938
005 20240417075153.4
041 0 |a cze 
044 |a CZ 
245 1 0 |a Jak bude letos vypadat úspěch na poli HR.  |c Lucie Spáčilová 
520 |a Ako vybrať a pritiahnuť a udržať produktívnych zamestnancov. Stratégie, metódy a know-how pre úspešné vedenie ľudských zdrojov. 
610 2 0 |a personalistika 
610 2 0 |a výber zamestnania 
610 2 0 |a zdroje ľudské 
610 2 0 |a trh práce 
610 2 0 |a pohovor 
610 2 0 |a zamestnanci 
610 2 0 |a zamestnávatelia 
610 2 0 |a kapitál ľudský 
610 2 0 |a motivácia pracovná 
100 1 |a Spáčilová, Lucie